Movies Quiz

Random Movies or Letter Quiz

Leonardo DiCaprio (A-Z) Quiz Stats

 Plays Quiz Updated Dec 25, 2015

Also try: Tom Hanks (A-Z)
Challenge
Share
Tweet
Embed
Score 0/14 Timer 06:00
3 Plays Today
Letter Film Title % Correct
TThis Boy's Life, Total Eclipse, Titanic
94%
WWhat's Eating Gilbert Grape, The Wolf of Wall Street
87.6%
DDon's Plum, The Departed, Django Unchained
78.6%
BThe Basketball Diaries, The Beach, Blood Diamond, Body of Lies
73.1%
IInception
71.8%
RRomeo + Juliet, Revolutionary Road, The Revenant
71%
GGangs of New York, The Great Gatsby
69.8%
Letter Film Title % Correct
CCritters 3, Celebrity, Catch Me If You Can
69%
AThe Aviator
67%
SShutter Island
60.7%
MMarvin's Room, The Man in the Iron Mask
32.6%
JJ. Edgar
25.8%
QThe Quick and the Dead
19.5%
PPoison Ivy
9.7%

You're not logged in!

Compare scores with friends on all Sporcle quizzes.
OR
Log In

You Might Also Like...

Show Comments

Extras

Top Quizzes Today


Score Distribution

Your Account Isn't Verified!

In order to create a playlist on Sporcle, you need to verify the email address you used during registration. Go to your Sporcle Settings to finish the process.

Report this User

Report this user for behavior that violates our Community Guidelines.

Details: